8 mots dans mots : toc (mort subite) - Statistiques

Statistiques générales
  • Ce quiz a été pris 23 fois
  • Le résultat moyen est 7 sur 8
Answers on the Grid
Answers color-coded by a green-red scale on the quiz's grid according to % correct below.
Woods---k
calem---daines
pro---olaire
décéré---r
pho---opier
surencom---ment
dés---ker
su---pticement
rééquili---r
au---ompatibilité
désencom---r
mo---ulture
magné---assette
sou---sauter
téné---usement
aris---ratiquement
 
Statistiques - réponses
Réponse % Correct
pro---olaire
95%
Woods---k
95%
au---ompatibilité
90%
pho---opier
90%
aris---ratiquement
86%
dés---ker
81%
magné---assette
81%
mo---ulture
81%
Aucun quiz correspondant
Distribution des résultats
% des personnes avec chaque résultat
Percentile par nombre de réponses
Votre historique - résultats
Vous n’avez pas pris ce quiz